000
002570000a22000970004500
100
1
_a
Cristobal, Ramiro (1942- )
245
1
0
_a
Las memorias secretas de Casanova
300
_a
Vol. 39, Num. 39 (Marzo, 1994), Páginas 36-40
773
0
_t
Cambio 16
942
_c
ANA
999
_c
58398
_d
58398